00514nam a2200157Ia 4500008004100000040001800041041000800059100002500067245008800092260004200180300001800222490003000240504003600270650002600306650002400332130821s1966 sp gr spa  aCo-BoUCMbspa aspa aAldana, Francisco De aPoesíacFrancisco de Aldana; edición, introducción y notas de Elias L. Rivera aMadrid (España)bEspasa-Calpec1966 a151 páginas aCl sicos Castellanos; 143 aIncluye notas a pie de página04aLiteratura española04aPoesía española